000 00747cam a22002533a 4500
001 6620
003 PGUSA
005 20140828083135.0
008 041001s2004||||xxu|||||s|||||000 1 eng d
040 _aPGUSA
_beng
042 _adc
050 4 _aPR
100 1 _aWells, H. G.
_q(Herbert George),
_d1866-1946
245 1 4 _aThe Time Machine
_h[electronic resource] /
_cH. G. Wells
260 _bProject Gutenberg,
_c2004
506 _aCopyrighted. Read the copyright notice inside this book for details.
516 _aElectronic text
653 _aTime travel -- Fiction
653 _aScience fiction
653 _aDystopias -- Fiction
830 0 _aProject Gutenberg
_v6620
856 4 0 _uhttp://www.gutenberg.org/ebooks/6620
942 _cAB
999 _c235940
_d235940